Publicacions, articulistes i editors a Sant Andreu de Palomar (1868-1938) / Pere Guaita Jiménez i Yolanda Insa Sauras
Descripción Física:
176 p. : il. ; 24 cm
Colección:
Llibres de finestrelles ; 3
Otros Autores:
Insa Sauras, Iolanda
MARC
| LEADER | 00000nam a2200000Ia 4500 | ||
|---|---|---|---|
| 001 | 18583 | ||
| 008 | 160829s2006 xx 000 0 cat d | ||
| 080 | |a O-1-136 | ||
| 100 | |a Guaita Jiménez, Pere |9 41492 | ||
| 245 | |a Publicacions, articulistes i editors a Sant Andreu de Palomar (1868-1938) / Pere Guaita Jiménez i Yolanda Insa Sauras | ||
| 260 | |a Sant Andreu del Palomar [Barcelona] : |b Centre d'Estudis Ignasi Iglésias, |c 2006 | ||
| 300 | |a 176 p. : |b il. ; |c 24 cm | ||
| 490 | |a Llibres de finestrelles ; 3 | ||
| 590 | |a Bibliografia | ||
| 650 | |a Editors |x Sant Andreu de Palomar (Barcelona) |x Història |9 41494 | ||
| 651 | 0 | |a Sant Andreu de Palomar (Barcelona, Catalunya) |x Història |9 53195 | |
| 700 | |a Insa Sauras, Iolanda |9 41495 | ||
| 710 | 2 | |a Centre d'Estudis Ignasi Iglésias |9 53194 | |
| 901 | |a Arxiu | ||
| 942 | |n 1 | ||
| 952 | |0 0 |1 0 |4 0 |6 O1136 |7 1 |9 50229 |a Arxiu |b Arxiu |d 2016-12-01 |l 0 |o O-1-136 |p 18583 |r 2016-12-01 00:00:00 |w 2016-12-01 |y ARXIU | ||
| 999 | |c 54071 |d 54071 | ||